000
00266nam a2200109Ia 4500
008
220204s9999 xx 000 0 und d
082
_a
929 A/Z(GAN)
_b
NAN
100
_a
Nanda, B R
245
0
_a
Gandhi
260
_a
New Delhi
_b
Publicaitons Division
_c
1972
942
_c
BK
999
_c
37693
_d
37693